La celestina : (Registro nro. 47719)
[ vista simple ]
| 000 -LEADER | |
|---|---|
| fixed length control field | 00944cam a2200301 i 4500 |
| 001 - CONTROL NUMBER | |
| control field | 47719 |
| 003 - CONTROL NUMBER IDENTIFIER | |
| control field | Mx-PuUPA |
| 005 - DATE AND TIME OF LATEST TRANSACTION | |
| control field | 20230817103114.0 |
| 008 - FIXED-LENGTH DATA ELEMENTS--GENERAL INFORMATION | |
| fixed length control field | 140415s1999 sp gr 000 d spa d |
| 020 ## - INTERNATIONAL STANDARD BOOK NUMBER | |
| International Standard Book Number | 8475670105 |
| 040 ## - CATALOGING SOURCE | |
| Original cataloging agency | Mx-PuUPA |
| Language of cataloging | spa |
| Transcribing agency | Mx-PuUPA |
| Modifying agency | Mx-PuUPA |
| Description conventions | rda |
| 041 0# - LANGUAGE CODE | |
| Language code of text/sound track or separate title | spa |
| 100 1# - MAIN ENTRY--PERSONAL NAME | |
| Personal name | Rojas, Fernando de, |
| Dates associated with a name | -1541 |
| Relator term | autor |
| 9 (RLIN) | 2494 |
| 245 13 - TITLE STATEMENT | |
| Title | La celestina : |
| Remainder of title | tragicomedia de Calisto y Melibea / |
| Statement of responsibility, etc. | Fernando de Rojas |
| 246 10 - VARYING FORM OF TITLE | |
| Title proper/short title | Tragicomedia de Calisto y Melibea |
| 264 #1 - PRODUCTION, PUBLICATION, DISTRIBUTION, MANUFACTURE, AND COPYRIGHT NOTICE | |
| Place of production, publication, distribution, manufacture | Madrid : |
| Name of producer, publisher, distributor, manufacturer | Editorial ALBA, |
| Date of production, publication, distribution, manufacture, or copyright notice | 1999 |
| 300 ## - PHYSICAL DESCRIPTION | |
| Extent | 256 páginas ; |
| Dimensions | 18 cm |
| 336 ## - CONTENT TYPE | |
| Content type term | texto |
| Fuente | rdaconten |
| Content type code | txt |
| 337 ## - MEDIA TYPE | |
| Media type term | sin medio |
| Source | rdamedia |
| Media type code | n |
| 338 ## - CARRIER TYPE | |
| Carrier type term | volumen |
| Source | rdacarrier |
| Carrier type code | nc |
| 650 #7 - SUBJECT ADDED ENTRY--TOPICAL TERM | |
| Topical term or geographic name entry element | Teatro español |
| Source of heading or term | armarc |
| 650 #7 - SUBJECT ADDED ENTRY--TOPICAL TERM | |
| Topical term or geographic name entry element | Comedia |
| Source of heading or term | armarc |
| 655 #7 - INDEX TERM--GENRE/FORM | |
| Source of term | armarc |
| Genre/form data or focus term | Literatura medieval |
| 700 ## - ADDED ENTRY--PERSONAL NAME | |
| Personal name | Rojas, Fernando |
| Relator term | autor |
| 942 ## - ADDED ENTRY ELEMENTS (KOHA) | |
| Source of classification or shelving scheme | Dewey Decimal Classification |
| Koha item type | Libro |
| Classification part | 862 |
| Item part | R7413 |
| Withdrawn status | Lost status | Source of classification or shelving scheme | Damaged status | Not for loan | Collection code | Home library | Current library | Shelving location | Date acquired | Source of acquisition | Total Checkouts | Full call number | Barcode | Price effective from | Koha item type | Total Renewals | Date last seen | Date last checked out |
|---|---|---|---|---|---|---|---|---|---|---|---|---|---|---|---|---|---|---|
| Dewey Decimal Classification | General | Biblioteca Karol Wojtyla | Biblioteca Karol Wojtyla | Sala general | 03/12/2013 | Compra | 2 | 862 R7413 1999 | 71492 | 27/01/2016 | Libro | 2 | 05/01/2026 | 24/11/2023 | ||||
| Dewey Decimal Classification | General | Tehuacán | Tehuacán | Sala general | 27/01/2016 | Compra | 808.068 ROJ 2008 | 510088 | 27/01/2016 | Libro |